000 01029cab a2200277 4500
001 ABS58854
008 090401t1998 xxu||||| |||| 00| 0 eng d
035 _a(Sirsi) u87121
041 _aeng
100 _aSmith, D.
245 _aLegionnaires` Disease - a manageable risk
260 _c1998
350 _a0
490 _aBuilding Services & Environmental Engineer
_v21(10) June 1998, 15(1)
520 _aExplains the symptoms and cause of Legionnaires` Disease. Discusses how the risk to both employees and members of the public can be managed by focusing attention in six principal areas.
650 _aAPPROVED CODE OF PRACTICE
650 _aCONTROL OF SUBSTANCES HAZARDOUS TO HEALTH REGULATIONS
650 _aHS(G)70 THE CONTROL OG LEGIONELLOSIS(INCLUDING LEGIONNAIRES DISEASE
650 _aLEGIONNAIRES' DISEASE
650 _aSTAFF TRAINING
650 _aSUSCEPTIBILITY OF INDIVIDUAL
650 _aWATER TREATMENT
690 _aBUILT ENVIRONMENT-BUILDING STANDARDS
942 _n0
948 _c01/07/1998
999 _c54911
_d54911